Mares no Mapa do Mundo - Statistics

Estatísticas Gerais
  • Esse quiz foi jogado 10 865 vezes
  • A pontuação média é 7 de 15
Respostas no mapa
Respostas codificadas por cores de uma escala verde-vermelha no mapa do quiz de acordo com a % correta abaixo.
 
Estatísticas das Respostas
Mar % Correto
Mar Mediterrâneo
86%
Mar Vermelho
78%
Mar do Caribe
71%
Mar Negro
70%
Mar Cáspio
49%
Mar Báltico
46%
Mar do Norte
43%
Mar do Japão
38%
Mar de Bering
35%
Mar da Arábia
32%
Mar Adriático
31%
Mar Egeu
29%
Mar da China Meridional
25%
Mar da Tasmânia
20%
Mar da China Oriental
17%
Nenhum quiz correspondente encontrado
Distribuição das Pontuações
Porcentagem de Pessoas com Cada Pontuação
Percentil de Números Respondidos
Sua Pontuação Histórica
Você não jogou esse quiz